000 00446nam a2200109Ia 4500
008 160909s9999 xx 000 0 und d
100 _aMedley, Robin Angela
245 3 _aAn activity theoretical perspective on inter-organizational collaboration in instructional technology development and implementation
260 _bNorthern Illinois University.
_c2016
650 _aMASS COM
856 _uhttp://pqdtopen.proquest.com/doc/1795563964.html?FMT=ABS
999 _c304235
_d304235